Optics (Record no. 14979)

MARC details
000 -LEADER
fixed length control field 00674nam a2200229Ia 4500
003 - CONTROL NUMBER IDENTIFIER
control field IN-BaIIA
008 - FIXED-LENGTH DATA ELEMENTS--GENERAL INFORMATION
fixed length control field 211028s9999 xx 000 0 eng d
020 ## - INTERNATIONAL STANDARD BOOK NUMBER
International Standard Book Number 0-387-95360-4
040 ## - CATALOGING SOURCE
Transcribing agency IIA Library
080 ## - UNIVERSAL DECIMAL CLASSIFICATION NUMBER
Universal Decimal Classification number 535
Item number MOL
100 ## - MAIN ENTRY--PERSONAL NAME
Personal name Moller, K. D
9 (RLIN) 27126
245 #0 - TITLE STATEMENT
Title Optics
Remainder of title learning by computing with examples using mathcad
Statement of responsibility, etc. K. D. Moller
260 ## - PUBLICATION, DISTRIBUTION, ETC.
Place of publication, distribution, etc. New York
Name of publisher, distributor, etc. Springer-Verlag
Date of publication, distribution, etc. 2003
300 ## - PHYSICAL DESCRIPTION
Extent xvi, 443p.
490 ## - SERIES STATEMENT
Series statement Undergarduate texts in Contemporary Physics
650 ## - SUBJECT ADDED ENTRY--TOPICAL TERM
Topical term or geographic name entry element Coherence
9 (RLIN) 4675
650 ## - SUBJECT ADDED ENTRY--TOPICAL TERM
Topical term or geographic name entry element Geometrical Optics
9 (RLIN) 2023
650 ## - SUBJECT ADDED ENTRY--TOPICAL TERM
Topical term or geographic name entry element Interference
9 (RLIN) 15615
650 ## - SUBJECT ADDED ENTRY--TOPICAL TERM
Topical term or geographic name entry element Maxwell's Theory
9 (RLIN) 27127
650 ## - SUBJECT ADDED ENTRY--TOPICAL TERM
Topical term or geographic name entry element Wave Theory
9 (RLIN) 10286
942 ## - ADDED ENTRY ELEMENTS (KOHA)
Koha item type Books
Holdings
Withdrawn status Lost status Damaged status Not for loan Home library Current library Shelving location Date acquired Source of acquisition Cost, normal purchase price Total Checkouts Full call number Barcode Date last seen Cost, replacement price Price effective from Koha item type Purchase Price
        IIA Library-Bangalore IIA Library-Bangalore General Stacks 19/03/2003 EDS 3861.07   535/ MOL 15901 05/11/2021 3861.07 19/03/2003 Books Rs. 3861.07

Powered by Koha